| 000 | 00434nam a22001817a 4500 | ||
|---|---|---|---|
| 999 |
_c531428 _d531428 |
||
| 003 | NUST | ||
| 005 | 20191016104607.0 | ||
| 008 | 191016b ||||| |||| 00| 0 eng d | ||
| 020 | _aB07NJBGM4R | ||
| 038 | _aMSOHAIL | ||
| 082 | _a0 | ||
| 100 |
_aAnayat Ullah _924109 |
||
| 245 | _aManzil Aur Musafir - Vol -2 | ||
| 250 | _avol-2 | ||
| 260 |
_aLahore _bIlm o Irfan Publlishers _c2011 |
||
| 300 |
_a490,p; _c22cm |
||
| 942 |
_2ddc _cBK |
||